New York Multiple Choice - Statistics

General Stats
  • This quiz has been taken 24 times
  • The average score is 7 of 10
Answer Stats
Question Answer % Correct
What was the order of nationalities that colonized the state of New York? Dutch (1624), English (1664)
100%
True or False- New York has a total of 8 state borders False
100%
Which borough of NYC is The Metropolitan Museum of Art located in? Manhattan
100%
What is the nickname of New York City? The Big Apple
100%
Which building was attacked by terrorists on September 11th, 2001? The Twin Towers
100%
What is the estimated population of New York state in 2021? 19 million
50%
Who's the current governor (2011-) of New York? Andrew Cuomo
50%
Which street can One World Trade Center, also known as Freedom Tower be found? Fulton Street
50%
How many counties does the state have? 62
0%
When did the Great Fire of New York start? September of 1176
0%
No matching quizzes found
Score Distribution
Percent of People with Each Score
Percentile by Number Answered
Your Score History
You have not taken this quiz